| 000 | 01007nam a2200289 a 4500 | ||
|---|---|---|---|
| 001 | 51019 | ||
| 003 | BD-RjUL | ||
| 005 | 20211209075611.0 | ||
| 008 | 160829s1981 enk b 001 0 eng | ||
| 020 | _a0521229863 | ||
| 035 | _a(BD-RjUL) 51139 | ||
| 040 |
_aDLC _cDLC _dDLC _dBD-RjUL _beng |
||
| 041 | _aeng | ||
| 082 | 0 | 0 |
_a515.48 _223 _bPAT 1981 |
| 100 | 1 |
_aParry, William, _d1934-2006. _9152055 |
|
| 245 | 1 | 0 |
_aTopics in ergodic theory / _cWilliam Parry. |
| 260 |
_aCambridge ; _aNew York : _bCambridge University Press, _cc1981. |
||
| 300 |
_ax, 110 p. ; _c23 cm. |
||
| 490 |
_aCambridge tracts in mathematics ; _v75 |
||
| 504 | _aBibliography: p. [98]-[107] and index. | ||
| 650 | 0 |
_aErgodic theory. _9151271 |
|
| 830 |
_aCambridge tracts in mathematics ; _v75 _9152654 |
||
| 856 | 4 | 1 |
_3Table of contents _uhttp://www.loc.gov/catdir/toc/cam051/79007815.html |
| 856 | 4 | 2 |
_3Publisher description _uhttp://www.loc.gov/catdir/description/cam041/79007815.html |
| 942 |
_2ddc _cBK |
||
| 999 |
_c51019 _d51019 |
||